| 000 | 00823nam a2200193 i 4500 | ||
|---|---|---|---|
| 001 | 25785 | ||
| 003 | ES-MaACL | ||
| 005 | 20230906153331.0 | ||
| 007 | t| | ||
| 008 | 030102s1978 sp ||||1| spa d | ||
| 100 | 1 |
_aArizaga Bolumburu, Beatriz. _922876 |
|
| 245 | 1 | 3 |
_aEl nacimiento de las Villas guipuzcuanas en los siglos XIII y XIV _b: morfología y funciones urbanas / _cBeatriz Arizaga Bolumburu ; prólogo de José Angel García de Cortazar. |
| 260 |
_aSan Sebastián : _bSociedad Guipuzcoana de Ediciones y Publicaciones, _c1978. |
||
| 300 |
_a179 p. : _bil., 1 map. pleg. ; _c25 cm. |
||
| 700 | 1 |
_aGarcía de Cortázar y Ruiz de Aguirre, José Ángel. _954415 |
|
| 710 | 2 |
_aSociedad Guipuzcoana de Ediciones y Publicaciones. _96780 |
|
| 852 |
_aES-MaACL _jA-8802 _bR.97747 |
||
| 852 |
_aES-MaACL _jA-10560 _bR.100033 |
||
| 999 |
_c25785 _d25785 |
||